Loading...

Mining and development: foreign financial mines in Australia, Ireland, Papua New Guinea and Zambia

Bibliographic Details
Main Author: O'Faireheallaigh, Ciaran
Format: Printed Book
Language:English
Published: London, Croom Helm 1984
Subjects:
LEADER 006840000a22002290004500
015 |a M 
020 |a 0-312-53367-5 
041 |a eng 
082 |a 338.23 M4 
100 |a O'Faireheallaigh, Ciaran 
245 |a Mining and development: foreign financial mines in Australia, Ireland, Papua New Guinea and Zambia 
260 |a London, Croom Helm 
260 |c 1984 
650 |a Australia 
650 |a Economic development 
650 |a Ireland 
650 |a Mining 
650 |a Papua New Guinea 
650 |a Zambia 
942 |c BK 
999 |c 137245  |d 137241 
952 |0 0  |1 0  |4 0  |6 338_230000000000000_M4  |7 0  |9 136027  |a SIRP  |b SIRP  |d 2017-10-05  |l 0  |o 338.23 M4  |p SIRP01915  |r 2017-10-05  |w 2017-10-05  |y BK